000 00563nam a2200217Ia 4500
005 20240702032236.0
008 240331s9999 xx 000 0 und d
020 _a8170364531
082 _bFAC
_a149.7
245 0 _aFacets of rationality
260 _aNew Delhi
_bSage Publications
_c1995
300 _a379 p .,
650 _aPhilosophy
650 _aScience
650 _aRationalism
700 _aAndler, Daniel
_eedt
700 _aBanerjee, Parthasarathi
_eedt
700 _aChaudhury, Mahasweta
_eedt
700 _aGuillaume, Olivier
_eedt
942 _cL
999 _c1364
_d1364